Meeting at the crossroads : (Record no. 67949)
[ view plain ]
| 000 -LEADER | |
|---|---|
| fixed length control field | 00960nam a2200277 a 4500 |
| 001 - CONTROL NUMBER | |
| control field | 67949 |
| 003 - CONTROL NUMBER IDENTIFIER | |
| rucl marc code | BD-RjUL |
| 005 - DATE AND TIME OF LATEST TRANSACTION | |
| control field | 20211209081720.0 |
| 008 - FIXED-LENGTH DATA ELEMENTS--GENERAL INFORMATION | |
| fixed length control field | 170329s1992 mau b 001 0 eng d |
| 020 ## - INTERNATIONAL STANDARD BOOK NUMBER | |
| International Standard Book Number | 0674564642 (acidfree paper) : |
| 035 ## - SYSTEM CONTROL NUMBER | |
| System control number | (BD-RjUL)68158 |
| 040 ## - CATALOGING SOURCE | |
| Original cataloging agency | DLC |
| Transcribing agency | DLC |
| Modifying agency | DLC |
| -- | BD-RjUL |
| Language of cataloging | eng |
| 041 ## - LANGUAGE CODE | |
| Language code of text/sound track or separate title | eng |
| 082 00 - DEWEY DECIMAL CLASSIFICATION NUMBER | |
| Classification number | 155.5 |
| Edition number | 23 |
| Author mark and year | BRM 1992 |
| 100 1# - MAIN ENTRY--PERSONAL NAME | |
| Personal name | Brown, Lyn Mikel, |
| Dates associated with a name | 1956- |
| 9 (RLIN) | 201414 |
| 245 10 - TITLE STATEMENT | |
| Title | Meeting at the crossroads : |
| Remainder of title | women's psychology and girls' development / |
| Statement of responsibility, etc. | Lyn Mikel Brown and Carol Gilligan. |
| 260 ## - PUBLICATION, DISTRIBUTION, ETC. (IMPRINT) | |
| Place of publication, distribution, etc. | Cambridge : |
| Name of publisher, distributor, etc. | Harvard University Press, |
| Date of publication, distribution, etc. | 1992. |
| 300 ## - PHYSICAL DESCRIPTION | |
| Pagination | viii, 258 p. ; |
| Size | 24 cm. |
| 504 ## - BIBLIOGRAPHY, ETC. NOTE | |
| Bibliography, etc | Includes bibliographical references (p. 245-252) and index. |
| 650 #0 - SUBJECT ADDED ENTRY--TOPICAL TERM | |
| Topical term or geographic name as entry element | Girls |
| General subdivision | Psychology. |
| 9 (RLIN) | 201415 |
| Topical term or geographic name as entry element | Teenage girls |
| General subdivision | Psychology. |
| 9 (RLIN) | 201416 |
| Topical term or geographic name as entry element | Adolescent psychology. |
| 9 (RLIN) | 201417 |
| Topical term or geographic name as entry element | Women |
| General subdivision | Psychology. |
| 9 (RLIN) | 201418 |
| 700 1# - ADDED ENTRY--PERSONAL NAME | |
| Personal name | Gilligan, Carol, |
| Dates associated with a name | 1936- |
| 942 ## - ADDED ENTRY ELEMENTS (KOHA) | |
| Source of classification or shelving scheme | Dewey Decimal Classification |
| Koha item type | Books |
| Lost status | Source of classification or shelving scheme | Damaged status | Not for loan | Collection code | Permanent Location | Current Location | Shelving location | Date acquired | Source of acquisition | Total Checkouts | Full call number | Date last seen | Copy number | Koha item type |
|---|---|---|---|---|---|---|---|---|---|---|---|---|---|---|
| Dewey Decimal Classification | Not For Loan | Non-fiction | Central Library, University of Rajshahi | Central Library, University of Rajshahi | Reading Room | 09/12/2021 | UNICEF | 155.5 BRM 1992 | 29/03/2017 | C-1 | Books |